UOMO CHE VERRA' (L') (Record n. 104802)

Dettagli MARC
000 -LEADER
fixed length control field 02460agaaa2200313 4500
001 - CONTROL NUMBER
control field 0585
003 - CONTROL NUMBER IDENTIFIER
control field IT-RoPAU
005 - DATE AND TIME OF LATEST TRANSACTION
control field 20220918181225.0
007 - PHYSICAL DESCRIPTION FIXED FIELD--GENERAL INFORMATION
fixed length control field d cvaizq
008 - FIXED-LENGTH DATA ELEMENTS--GENERAL INFORMATION
fixed length control field 50131s9999||||xx ||| | || ||und||
040 ## - CATALOGING SOURCE
Original cataloging agency IT-RoPAU
Transcribing agency IT-RoPAU
041 ## - LANGUAGE CODE
Language code of text/sound track or separate title ITALIANO
100 ## - MAIN ENTRY--PERSONAL NAME
Personal name Diritti Giorgio
Miscellaneous information Codice regista SPICS: 59415
9 (RLIN) 37738
130 ## - MAIN ENTRY--UNIFORM TITLE
Uniform title UOMO CHE VERRA' (L')
9 (RLIN) 37739
245 ## - TITLE STATEMENT
Title UOMO CHE VERRA' (L')
Statement of responsibility, etc. Prodotto da: Bachini S. Diritti G -- Sceneggiatura: Diritti Giorgio Galavotti Giovanni Pedroni Tania -- Diretto da: Diritti Giorgio
Name of part/section of a work UOMO CHE VERRA' (L') (Rif. Codice opera principale : K0585)
250 ## - EDITION STATEMENT
Edition statement Edizione Standard
260 ## - PUBLICATION, DISTRIBUTION, ETC. (IMPRINT)
Place of publication, distribution, etc. (ITALIA)
Name of publisher, distributor, etc. N.d. / Distribuzione: MAGAZZINO DISP
Date of manufacture "2009 (1° ed.: 2010 ; Ed. Lingua Orig.: 2009)"
300 ## - PHYSICAL DESCRIPTION
Extent DVD
Other physical details sonoro, col.
Dimensions 116 minuti
508 ## - CREATION/PRODUCTION CREDITS NOTE
Creation/production credits note "Fotografia: Cimatti Roberto ; Montaggio: Diritti G. Marzoni P; Musica: Biscarini Marco; Sceneggiatura: Diritti Giorgio Galavotti Giovanni Pedroni Tania ; Scenografia: Basili Giancarlo ; "
511 ## - PARTICIPANT OR PERFORMER NOTE
Participant or performer note "Casadio Claudio; Rohrwacher Alba; Sansa Maia; Zuccheri; Montanari Greta; Vito; Croci S"
520 ## - SUMMARY, ETC.
Summary, etc. "INVERNO 1943. MARTINA HA 8 ANNI E VIVE ALLE PENDICI DEL MONTE SOLE, NON LONTANO DA BOLOGNA. E' L'UNICA FIGLIA DI UNA FAMIGLIA DI CONTADINI CHE, COME TANTE, FATICA A SOPRAVVIVERE. ANNI PRIMA HA PERSO UN FRATELLINO E DA ALLORA HA SMESSO DI PARLARE. NEL DICEMBRE LA MAMMA RIMANE NUOVAMENTE INCINTA. I ME SI PASSANO, LA GUERRA SI AVVICINA E LA VITA DIVENTA SEMPRE PIU' DIFFICILE. NELLA NOTTE TRA IL 28 E IL 29 SETTEMBRE 1944 IL PICCOLO VIENE FINALMENTE ALLA LUCE. QUASI CONTEMPORANEAMENTE LE SS SCATENANO NELLA ZONA UN RASTRELLAMENTO SENZA PRECEDENTI CHE PASSERA' ALLA STORIA COME LA STRAGE DI MARZABOTTO IN CUI PERSERO LA VITA 780 CIVILI, IN MAGGIORANZA DONNE E BAMBINI. VINCITORE DEL DAVID DI DONATELLO COME MIGLIOR FILM, MIGLIOR PRODUTTORE E MIGLIOR FONICO IN PRESA DIRETTA; PREMIO COME MIGLIOR FILM AL FESTIVAL DI ROMA 2009. CONTENUTI EXTRA: BACKSTAGE; GALLERIA FOTOGRAFICA; INTERVISTA A GIORGIO DIRITTI A CURA DI BARBARA SORRENTINI. "
538 ## - SYSTEM DETAILS NOTE
System details note PAL, STEREO
546 ## - LANGUAGE NOTE
Language note ITALIANO
650 ## - SUBJECT ADDED ENTRY--TOPICAL TERM
Topical term or geographic name as entry element DRAMMA - GUERRA
Relator term DVD-FILM [DVD]
General subdivision Codice MATERIA SPICS: 9947
9 (RLIN) 37740
700 ## - ADDED ENTRY--PERSONAL NAME
Personal name Biscarini Marco
Relator term (musica)
Miscellaneous information Codice Musica SPICS: 59417
9 (RLIN) 37741
700 ## - ADDED ENTRY--PERSONAL NAME
Personal name Diritti Giorgio
Relator term (regista)
Miscellaneous information Codice regista SPICS: 59415
9 (RLIN) 37742
700 ## - ADDED ENTRY--PERSONAL NAME
Personal name Diritti Giorgio
Relator term (soggetto)
Miscellaneous information Codice Soggetto SPICS: 59415
9 (RLIN) 37743
942 ## - ADDED ENTRY ELEMENTS (KOHA)
Koha item type DVD
Source of classification or shelving scheme Dewey Decimal Classification
Dati di copia
Withdrawn status Lost status Damaged status Not for loan Home library Current library Date acquired Total Checkouts Full call number Date last seen Price effective from Koha item type Public note
    Buone Condizioni Not For Loan SPICS-MEDIATECA SPICS-MEDIATECA 31/01/2015   K0585 31/01/2015 31/01/2015 DVD Progr. Ins.: 3955 / N.Vol.:1 / Copie: 1 / Pag.:0 / Copia rara: n.d. / date import: 1.2.2015 / By Epidotti, Trombetti, Vaglietti
CREDITS: SOCIETA' SAN PAOLO Via A.Severo, 58 - ROMA (RM) & PERIODICI SAN PAOLO SRL Via Giotto, 36 MILANO & CISF Via Giotto, 36 MILANO & EDIZIONI SAN PAOLO SRL,  Piazza Soncino, 5 CINISELLO BALSAMO (MI) -- ITALY